[Event "CRO Team Cup 2019"]
[Site "Losinj"]
[Date "2019.05.16"]
[Round "2.8"]
[White "Bozinovic, Bogdan"]
[Black "Zelcic, Robert"]
[Result "0-1"]
[WhiteElo "2197"]
[BlackElo "2516"]
[Annotator "TA"]
[PlyCount "40"]
[EventDate "2019.05.15"]
[EventType "team-tourn"]
[EventCountry "CRO"]
[SourceTitle "playchess.com"]
[Source "ChessBase"]
[SourceQuality "1"]

{[%evp 14,40,29,7,22,29,6,14,14,-33,-32,-140,-110,-178,-156,-275,-269,-275,-252,-535,-554,-596,-583,-576,-526,-508,-495,-502,-447]} 1. d4 d5 2. c4 dxc4 3. Nf3 Nf6 4. Nc3 a6 5. e4 b5 6. e5 Nd5 7. a4 Bb7 8. e6 $1 {[%cal Re6f7]} fxe6 {D24: Queen's Gambit Accepted: 3 Nf3 Nf6 4 Nc3} 9. Ng5 {[#] Qf3 is the strong threat.} Nxc3 10. bxc3 Qd5 {The position is equal.} 11. Qe2 (11. Qg4 $5 {[%cal Rg5e6]} h5 12. Qxe6 $11) (11. Qg4 Nd7 12. Nxe6 Rc8 13. axb5 axb5 14. Ra7 g6 15. Bf4 Qe4+ 16. Be2 {½-½ (28) Debashis,D (2503)-Edouard,R (2638) Caleta 2015}) 11... e5 $1 12. dxe5 $146 (12. Qxe5 $15 Nd7 13. Qe6) ({Predecessor:} 12. Qxe5 Nd7 13. Qe6 Nf6 14. axb5 h6 15. Bxc4 Qxg2 16. Qf7+ Kd8 {0-1 (63) Hernandez Cano Acosta,S-Ulbig,S ICCF email 2010}) 12... Nd7 $17 {[%cal Bb8d7,Bd7c5,Bc5b3,Bb3c1][%mdl 32]} 13. f4 (13. Bf4 $17) 13... Nc5 $36 {[%mdl 2048] [#] And now ...Nd3+ would win. Black has strong initiative.} 14. Qe3 (14. Qf3 $17 {keeps fighting.}) 14... Nb3 ({Don't play} 14... Nxa4 15. Be2 $17) ({Weaker is} 14... bxa4 15. Be2 $17) 15. Ra2 e6 {White must now prevent ...h6.} 16. Rc2 $2 (16. Ba3) 16... O-O-O {Threatens to win with ...Qd1+.Black is clearly winning.} 17. Be2 Bc5 18. Qh3 Nxc1 19. Qxe6+ Qxe6 20. Nxe6 Nd3+ 0-1

[Event "CRO Team Cup 2019"]
[Site "Losinj"]
[Date "2019.05.16"]
[Round "2.9"]
[White "Livaic, Leon"]
[Black "Martinovic, Sasa"]
[Result "1/2-1/2"]
[WhiteElo "2472"]
[BlackElo "2560"]
[Annotator "TA"]
[PlyCount "64"]
[EventDate "2019.05.15"]
[EventType "team-tourn"]
[EventCountry "CRO"]
[SourceTitle "playchess.com"]
[Source "ChessBase"]
[SourceQuality "1"]

{[%evp 17,64,10,20,20,22,20,27,18,18,25,25,14,20,0,0,0,16,-7,0,-44,-48,-39,-21,-28,-17,-57,-32,-31,1,6,5,0,0,0,0,0,14,7,15,4,13,11,12,0,12,0,30,0,23]} 1. d4 d5 2. c4 c6 3. cxd5 cxd5 4. Nc3 Nf6 5. Bf4 Nc6 6. e3 a6 7. Bd3 Bg4 8. Nge2 e6 9. O-O Bd6 10. f3 {D10: Slav Defence: 3 cxd5 (without early Nf3) and 3 Nc3} Bh5 11. Na4 Bg6 12. Nc5 {White has an edge.} Bxc5 13. dxc5 O-O 14. Bd6 {Threatening Bxg6.} Re8 {[#]} 15. Bxg6 $146 ({Predecessor:} 15. Nc3 b6 16. Na4 bxc5 17. Bxc5 Nd7 {0-1 (45) Mons,L (2554)-Malakhov,V (2654) Germany 2018}) 15... hxg6 16. Rc1 e5 17. Qd3 Qd7 18. e4 dxe4 19. fxe4 Rad8 20. Nc3 $1 Nd4 21. Rf2 Nb5 22. Nxb5 Qxb5 (22... axb5 {keeps more tension.} 23. b4 Qc6 24. Re1 b6 25. Qf3 Rd7) 23. Qxb5 axb5 24. Re2 Re6 25. Rc3 Ne8 26. Rb3 Nxd6 27. Rd2 {[%mdl 64] [#] Pin} b6 28. cxd6 Rdxd6 29. Rxd6 Rxd6 30. Rxb5 f6 31. Kf2 Kf7 32. Ke3 Ke6 {Accuracy: White = 42%, Black = 54%.} 1/2-1/2

[Event "CRO Team Cup 2019"]
[Site "Losinj"]
[Date "2019.05.16"]
[Round "2.10"]
[White "Kurajica, Bojan"]
[Black "Vujakovic, Branko"]
[Result "1-0"]
[WhiteElo "2505"]
[BlackElo "2338"]
[Annotator "TA"]
[PlyCount "55"]
[EventDate "2019.05.15"]
[EventType "team-tourn"]
[EventCountry "CRO"]
[SourceTitle "playchess.com"]
[Source "ChessBase"]
[SourceQuality "1"]

{[%evp 9,55,3,20,17,21,24,26,14,19,29,38,25,28,18,50,45,67,66,56,49,55,46,95,42,76,86,104,109,100,90,110,65,125,122,162,143,313,287,484,474,505,504,493,507,476,477,1014,987]} 1. Nf3 Nf6 2. b3 d5 3. Bb2 Bf5 ({Predecessor:} 3... c6 4. g3 Bf5 5. Bg2 e6 6. O-O Be7 7. d3 h6 8. c4 O-O 9. cxd5 cxd5 10. Nd4 Bh7 11. Nd2 Nbd7 12. Bh3 Qb6 13. N2f3 a5 14. Rb1 Bc5 15. Qd2 Rfe8 16. Rbc1 Rad8 {0-1 (27) Murillo Tsijli,A (2303)-Mastrovasilis,A (2526) Tromsoe 2014}) 4. Nh4 $146 (4. g3 e6 5. Bg2 Nbd7 6. c4 c6 7. O-O h6 8. d4 Be7 9. Nfd2 O-O 10. Nc3 a5 11. e3 Qb6 12. Qe2 Rfe8 13. Rfc1 Rad8 14. a3 Bf8 15. Qf1 Bg6 16. h3 Qa7 17. b4 axb4 18. axb4 {1-0 (123) Nakamura,H (2769)-Caruana,F (2816) Paris 2018}) 4... Bc8 5. e3 g6 6. c4 {A06: Réti Opening:1 Nf3 d5} Bg7 7. cxd5 O-O 8. Bc4 {White has an edge.} a6 (8... Nxd5 $5 {[%cal Rg7b2]} 9. Bxg7 Kxg7 $11) 9. O-O b5 10. Be2 Bb7 11. Qc2 Bxd5 12. Rc1 c6 13. d3 Nbd7 14. e4 Be6 15. d4 Rc8 16. Nd2 (16. h3 $16) 16... Bh6 17. Rd1 Bg4 18. Bxg4 Nxg4 19. e5 Bg7 20. Ne4 {[%cal Bd2e4,Be4g5,Bg5e6][%mdl 32]} Nh6 (20... f5 $14 21. Ng5 e6) 21. Nf3 f6 22. Rac1 fxe5 $2 {[#]} (22... Nf5 $16 23. Re1 Bh6) 23. dxe5 $18 Qc7 $2 (23... Qe8 {was called for.} 24. Neg5 Rf5) 24. Neg5 {White is clearly winning.} Qa7 25. Ne6 Rxf3 26. gxf3 Nf5 27. Qe4 Bh6 (27... Qb7 $142 28. Nxg7 Nxg7) 28. Rxc6 {Accuracy: White = 75%, Black = 22%.} 1-0

[Event "CRO Team Cup 2019"]
[Site "Losinj"]
[Date "2019.05.16"]
[Round "2.11"]
[White "Blazeka, Matej"]
[Black "Rogic, Davor"]
[Result "0-1"]
[WhiteElo "2357"]
[BlackElo "2498"]
[Annotator "RC"]
[PlyCount "142"]
[EventDate "2019.05.15"]
[EventType "team-tourn"]
[EventCountry "CRO"]
[SourceTitle "playchess.com"]
[Source "ChessBase"]
[SourceQuality "1"]
[TimeControl "40/5400+30:1800+30"]

1. e4 {[%emt 0:00:30]} e5 {[%emt 0:00:30]} 2. Nf3 {[%emt 0:00:00]} Nc6 {[%emt 0:00:00]} 3. Nc3 {[%emt 0:00:00]} Nf6 {[%emt 0:00:00]} 4. a3 {[%emt 0:00:00]} d6 {[%emt 0:08:30]} 5. d4 {[%emt 0:00:00]} Be7 {[%emt 0:02:30]} 6. Bb5 {[%emt 0:00:30]} Bd7 {[%emt 0:04:30]} 7. O-O {[%emt 0:00:30]} O-O {[%emt 0:01:30]} 8. dxe5 {[%emt 0:00:30]} Nxe5 {[%emt 0:04:30]} 9. Nxe5 {[%emt 0:05:30]} Bxb5 {[%emt 0:06:30]} 10. Nxb5 {[%emt 0:01:30]} dxe5 {[%emt 0:00:30]} 11. Qe2 {[%emt 0:01:30]} a6 {[%emt 0:06:30]} 12. Rd1 {[%emt 0:06:30]} Qc8 {[%emt 0:00:30]} 13. Nc3 {[%emt 0:00:30]} c6 {[%emt 0:05:30]} 14. Bg5 {[%emt 0:03:30]} Rd8 {[%emt 0:05:30]} 15. a4 {[%emt 0:15:30]} Qe6 {[%emt 0:09:30]} 16. Be3 {[%emt 0:25:30]} Rxd1+ {[%emt 0:04:30]} 17. Qxd1 {[%emt 0:01:30]} Qc4 {[%emt 0:04:30]} 18. f3 {[%emt 0:09:30]} Rd8 {[%emt 0:02:30]} 19. Qe1 {[%emt 0:04:30]} Bb4 {[%emt 0:04:30]} 20. Qe2 {[%emt 0:01:30]} Qe6 {[%emt 0:01:30]} 21. Na2 {[%emt 0:02:51]} Be7 {[%emt 0:02:30]} 22. Nc1 {[%emt 0:03:00]} Nh5 {[%emt 0:02:30]} 23. g3 {[%emt 0:01:14]} g6 {[%emt 0:01:30]} 24. Nd3 {[%emt 0:04:48]} Ng7 {[%emt 0:02:00]} 25. b3 {[%emt 0:02:59]} Qd6 {[%emt 0:08:33]} 26. Bb6 {[%emt 0:02:51]} Rd7 {[%emt 0:00:53]} 27. Bc5 {[%emt 0:02:36]} Qf6 {[%emt 0:01:40]} 28. Bxe7 {[%emt 0:01:27]} Qxe7 {[%emt 0:00:06]} 29. Qf2 {[%emt 0:01:06]} Rd4 {[%emt 0:01:01]} 30. Re1 {[%emt 0:01:21]} c5 {[%emt 0:00:44]} 31. f4 {[%emt 0:00:54]} exf4 {[%emt 0:03:13]} 32. Nxf4 {[%emt 0:00:08]} Rxe4 {[%emt 0:00:00]} 33. Rxe4 {[%emt 0:00:20]} Qxe4 {[%emt 0:00:32]} 34. Qxc5 {[%emt 0:00:30]} Nf5 {[%emt 0:00:30]} 35. Qc8+ {[%emt 0:00:31]} Kg7 {[%emt 0:00:02]} 36. Qc3+ {[%emt 0:00:30]} Qd4+ {[%emt 0:00:30]} 37. Qxd4+ {[%emt 0:00:47]} Nxd4 {[%emt 0:00:30]} 38. Nd3 {[%emt 0:00:46]} Nxc2 {[%emt 0:01:49]} 39. Nc5 {[%emt 0:00:20]} Nd4 {[%emt 0:00:23]} 40. b4 {[%emt 0:00:49]} Nc6 {[%emt 0:00:00]} 41. b5 {[%emt 0:05:42]} axb5 {[%emt 0:01:34]} 42. axb5 {[%emt 0:00:30]} Nd8 {[%emt 0:00:30]} 43. Kf2 {[%emt 0:03:30]} Kf6 {[%emt 0:00:30]} 44. Ke3 {[%emt 0:01:30]} Ke5 {[%emt 0:00:30]} 45. Nd7+ {[%emt 0:00:30]} Kd6 {[%emt 0:00:30]} 46. Nf6 {[%emt 0:00:30]} h5 {[%emt 0:01:30]} 47. Kd4 {[%emt 0:02:30]} Ne6+ {[%emt 0:01:30]} 48. Kc4 {[%emt 0:00:00]} Ng5 {[%emt 0:02:30]} 49. Ne8+ {[%emt 0:01:03]} Ke7 {[%emt 0:04:30]} 50. Nc7 {[%emt 0:00:27]} Kd7 {[%emt 0:02:30]} 51. Nd5 {[%emt 0:00:30]} Kd6 {[%emt 0:00:30]} 52. Nf6 {[%emt 0:00:30]} Ke6 {[%emt 0:03:30]} 53. h4 {[%emt 0:05:48]} Kxf6 {[%emt 0:02:30]} 54. hxg5+ {[%emt 0:00:03]} Kxg5 {[%emt 0:00:30]} 55. Kc5 {[%emt 0:00:03]} h4 {[%emt 0:00:30]} 56. gxh4+ {[%emt 0:00:04]} Kxh4 {[%emt 0:00:00]} 57. Kb6 {[%emt 0:00:05]} f5 {[%emt 0:06:00]} 58. Kxb7 {[%emt 0:00:00]} f4 {[%emt 0:01:16]} 59. b6 {[%emt 0:01:45]} f3 {[%emt 0:00:00]} 60. Kc6 {[%emt 0:00:54]} f2 {[%emt 0:00:00]} 61. b7 {[%emt 0:00:58]} f1=Q {[%emt 0:00:00]} 62. b8=Q {[%emt 0:01:01]} Qf3+ {[%emt 0:00:00]} 63. Kc5 {[%emt 0:00:16]} Qf2+ {[%emt 0:00:00]} 64. Kc4 {[%emt 0:00:30]} g5 {[%emt 0:00:00]} 65. Qd8 {[%emt 0:00:31]} Qe3 {[%emt 0:00:00]} 66. Kb5 {[%emt 0:00:35]} Kh3 {[%emt 0:00:00]} 67. Qh8+ {[%emt 0:00:14]} Kg3 {[%emt 0:00:00]} 68. Qb8+ {[%emt 0:00:13]} Qf4 {[%emt 0:00:00]} 69. Qa7 {[%emt 0:00:22]} Qf5+ {[%emt 0:00:00]} 70. Kc6 {[%emt 0:00:28]} Qf2 {[%emt 0:01:14]} 71. Qb8+ {[%emt 0:00:18]} Kg2 {[%emt 0:00:30]} 0-1

[Event "CRO Team Cup 2019"]
[Site "Losinj"]
[Date "2019.05.16"]
[Round "2.12"]
[White "Kovacevic, Vlatko"]
[Black "Brumen, Dinko"]
[Result "1-0"]
[WhiteElo "2470"]
[BlackElo "2320"]
[Annotator "RC"]
[PlyCount "151"]
[EventDate "2019.05.15"]
[EventType "team-tourn"]
[EventCountry "CRO"]
[SourceTitle "playchess.com"]
[Source "ChessBase"]
[SourceQuality "1"]
[TimeControl "40/5400+30:1800+30"]

1. d4 {[%emt 0:00:30]} Nf6 {[%emt 0:00:30]} 2. Nf3 {[%emt 0:00:00]} d5 {[%emt 0:00:00]} 3. e3 {[%emt 0:00:00]} c6 {[%emt 0:03:00]} 4. c4 {[%emt 0:01:30]} e6 {[%emt 0:01:30]} 5. Nbd2 {[%emt 0:01:30]} Nbd7 {[%emt 0:01:30]} 6. Bd3 {[%emt 0:00:30]} Bd6 {[%emt 0:01:30]} 7. O-O {[%emt 0:00:30]} O-O {[%emt 0:00:30]} 8. e4 {[%emt 0:00:30]} dxe4 {[%emt 0:08:30]} 9. Nxe4 {[%emt 0:01:30]} Nxe4 {[%emt 0:00:30]} 10. Bxe4 {[%emt 0:00:00]} h6 {[%emt 0:01:30]} 11. Bc2 {[%emt 0:02:00]} e5 {[%emt 0:20:30]} 12. Re1 {[%emt 0:17:30]} Bb4 {[%emt 0:04:30]} 13. Bd2 {[%emt 0:09:30]} Bxd2 {[%emt 0:01:30]} 14. Qxd2 {[%emt 0:00:30]} exd4 {[%emt 0:01:30]} 15. Nxd4 {[%emt 0:02:30]} Nf6 {[%emt 0:05:30]} 16. Qc3 {[%emt 0:10:30]} c5 {[%emt 0:03:30]} 17. Nb5 {[%emt 0:06:30]} Be6 {[%emt 0:05:30]} 18. Rad1 {[%emt 0:04:30]} Qb8 {[%emt 0:01:30]} 19. Nd6 {[%emt 0:04:30]} Rd8 {[%emt 0:03:30]} 20. Qg3 {[%emt 0:02:30]} Ne8 {[%emt 0:05:30]} 21. Nxe8 {[%emt 0:10:30]} Qxg3 {[%emt 0:04:30]} 22. hxg3 {[%emt 0:00:30]} Rxd1 {[%emt 0:02:30]} 23. Bxd1 {[%emt 0:00:30]} Rxe8 {[%emt 0:00:30]} 24. Bf3 {[%emt 0:00:30]} Rd8 {[%emt 0:04:16]} 25. Bxb7 {[%emt 0:02:30]} Rb8 {[%emt 0:01:27]} 26. Bd5 {[%emt 0:00:30]} Rxb2 {[%emt 0:02:00]} 27. Bxe6 {[%emt 0:00:30]} fxe6 {[%emt 0:00:05]} 28. Rxe6 {[%emt 0:01:32]} Rxa2 {[%emt 0:00:18]} 29. Rc6 {[%emt 0:00:28]} Ra1+ {[%emt 0:05:48]} 30. Kh2 {[%emt 0:00:30]} Ra5 {[%emt 0:00:03]} 31. g4 {[%emt 0:01:17]} Kf7 {[%emt 0:00:55]} 32. Kg3 {[%emt 0:01:12]} g5 {[%emt 0:07:47]} 33. Rxh6 {[%emt 0:00:36]} Ra4 {[%emt 0:00:29]} 34. Rd6 {[%emt 0:01:53]} Rxc4 {[%emt 0:00:09]} 35. Ra6 {[%emt 0:00:06]} Rc3+ {[%emt 0:00:36]} 36. f3 {[%emt 0:02:06]} Rc2 {[%emt 0:01:02]} 37. Rxa7+ {[%emt 0:00:24]} Kf6 {[%emt 0:00:09]} 38. Ra6+ {[%emt 0:00:23]} Kf7 {[%emt 0:00:28]} 39. Rd6 {[%emt 0:01:54]} c4 {[%emt 0:01:05]} 40. Rc6 {[%emt 0:05:25]} Kg7 {[%emt 0:00:34]} 41. Kh3 {[%emt 0:30:35]} Kf7 {[%emt 0:31:42]} 42. Rc5 {[%emt 0:00:36]} Kf6 {[%emt 0:00:31]} 43. g3 {[%emt 0:00:00]} Rc3 {[%emt 0:00:00]} 44. Kg2 {[%emt 0:00:00]} Rc2+ {[%emt 0:00:00]} 45. Kf1 {[%emt 0:00:00]} Rc1+ {[%emt 0:00:00]} 46. Ke2 {[%emt 0:00:00]} Rc2+ {[%emt 0:00:00]} 47. Ke3 {[%emt 0:00:00]} Rg2 {[%emt 0:00:00]} 48. Rxc4 {[%emt 0:00:00]} Rxg3 {[%emt 0:00:00]} 49. Ke4 {[%emt 0:00:00]} Rh3 {[%emt 0:00:00]} 50. Rc8 {[%emt 0:00:00]} Rg3 {[%emt 0:00:00]} 51. Rf8+ {[%emt 0:00:00]} Kg7 {[%emt 0:00:00]} 52. Rf5 {[%emt 0:00:00]} Kg6 {[%emt 0:00:00]} 53. Ke5 {[%emt 0:00:00]} Rh3 {[%emt 0:00:00]} 54. Ke6 {[%emt 0:00:00]} Rg3 {[%emt 0:00:00]} 55. Rf8 {[%emt 0:00:07]} Kg7 {[%emt 0:00:00]} 56. Rf6 {[%emt 0:01:40]} Rh3 {[%emt 0:00:00]} 57. Ke7 {[%emt 0:00:32]} Rh1 {[%emt 0:00:00]} 58. Re6 {[%emt 0:01:47]} Rf1 {[%emt 0:00:00]} 59. Re3 {[%emt 0:00:14]} Kg6 {[%emt 0:00:00]} 60. Kf8 {[%emt 0:00:27]} Kf6 {[%emt 0:00:00]} 61. Ra3 {[%emt 0:00:48]} Kg6 {[%emt 0:05:36]} 62. Kg8 {[%emt 0:00:35]} Kf6 {[%emt 0:01:02]} 63. Ra6+ {[%emt 0:03:22]} Ke5 {[%emt 0:01:11]} 64. Kg7 {[%emt 0:00:15]} Rxf3 {[%emt 0:02:22]} 65. Kg6 {[%emt 0:00:14]} Rf1 {[%emt 0:03:25]} 66. Kxg5 {[%emt 0:00:00]} Rg1 {[%emt 0:00:30]} 67. Kh5 {[%emt 0:00:00]} Rh1+ {[%emt 0:00:30]} 68. Kg6 {[%emt 0:00:00]} Rg1 {[%emt 0:00:30]} 69. g5 {[%emt 0:00:00]} Rb1 {[%emt 0:00:30]} 70. Kh6 {[%emt 0:00:10]} Kf5 {[%emt 0:00:30]} 71. g6 {[%emt 0:00:30]} Rh1+ {[%emt 0:00:30]} 72. Kg7 {[%emt 0:00:30]} Rb1 {[%emt 0:00:30]} 73. Kh7 {[%emt 0:00:30]} Rh1+ {[%emt 0:00:30]} 74. Kg8 {[%emt 0:00:30]} Rc1 {[%emt 0:00:30]} 75. g7 {[%emt 0:00:30]} Rc8+ {[%emt 0:00:30]} 76. Kh7 {[%emt 0:00:30]} 1-0

[Event "CRO Team Cup 2019"]
[Site "Losinj"]
[Date "2019.05.16"]
[Round "2.13"]
[White "Bosiocic, Marin"]
[Black "Janzelj, Tim"]
[Result "0-1"]
[WhiteElo "2618"]
[BlackElo "2380"]
[Annotator "TA"]
[PlyCount "62"]
[EventDate "2019.05.15"]
[EventType "team-tourn"]
[EventCountry "CRO"]
[SourceTitle "playchess.com"]
[Source "ChessBase"]
[SourceQuality "1"]

{[%evp 13,62,0,16,11,17,19,4,14,63,0,0,-124,-3,-1,-7,0,0,-80,-90,-229,-108,-102,-98,-201,-205,-183,-170,-178,-155,-159,-188,-1009,-978,-1174,-1170,-1152,-1131,-1060,-1016,-896,-483,-29993,-29994,-29994,-29995,-29995,-29996,-29996,-29997,-29997,-29998]} 1. e4 e6 2. d4 d5 3. Nc3 Nf6 4. e5 Nfd7 5. f4 c5 6. Nf3 Nc6 7. Be3 b6 8. Ne2 {C11: French: Classical System: 4 e5 and 4 Bg5 dxe4} Be7 (8... g6 9. c3 a5 10. g4 Ba6 11. f5 Bxe2 12. Bxe2 Rc8 13. fxe6 fxe6 14. O-O Be7 15. Bh6 c4 {1-0 (41) Sasikiran,K (2669)-Cordova,E (2645) Matanzas 2017}) 9. c3 Ba6 10. g4 {The position is equal.} f6 $146 ({Predecessor:} 10... h5 11. gxh5 Bxe2 12. Bxe2 Rxh5 13. Qa4 Qc7 14. Kf2 a6 15. h4 c4 {0-1 (41) Birnboim,N (2465)-Bank,M Tel Aviv 1978}) 11. Qa4 ({White should play} 11. g5 $14) 11... Qc8 $11 12. f5 (12. exf6 $11 Nxf6 13. g5 (13. Ne5 b5 $17)) 12... fxe5 ({Better is} 12... b5 $17 13. Qd1 fxe5) 13. fxe6 O-O 14. exd7 Qxd7 15. Qxa6 (15. Nxe5 $11 {remains equal.} Nxe5 16. Qxd7 (16. Qxa6 Nc4 $19) 16... Nxd7 17. Ng3 Bxf1 18. Rxf1) 15... Rxf3 $17 16. Bd2 {[#]} (16. O-O-O $17) 16... cxd4 (16... Nb8 $1 $19 {[%cal Rb8a6] is more deadly.} 17. Qa3 c4) 17. Ng3 {[#]} e4 $1 ({Weaker is} 17... Qxg4 18. Be2 $16) 18. Nf5 (18. O-O-O $17 d3 19. Qa4) 18... e3 $19 19. Bc1 Bf6 20. Be2 Rxf5 21. gxf5 {Strongly threatening 0-0.} dxc3 22. Bxe3 $2 (22. O-O cxb2 23. Bxb2 Bxb2 24. Rab1) 22... Nb4 23. Qb5 Nc2+ {[%mdl 64] Double Attack} 24. Kf2 Qxf5+ 25. Bf3 Nxe3 26. bxc3 Bh4+ 27. Ke2 (27. Kxe3 $19 d4+ 28. cxd4 Qxb5 29. Bxa8) 27... Qc2+ {Black mates.} 28. Kxe3 Bf2+ 29. Kf4 Rf8+ 30. Ke5 Qf5+ {[%mdl 64] Double Attack} 31. Kd6 Rd8+ {Accuracy: White = 30%, Black = 57%.} 0-1

[Event "CRO Team Cup 2019"]
[Site "Losinj"]
[Date "2019.05.16"]
[Round "2.14"]
[White "Ostovic, Matija"]
[Black "Tica, Sven"]
[Result "1/2-1/2"]
[WhiteElo "2391"]
[BlackElo "2417"]
[Annotator "TA"]
[PlyCount "98"]
[EventDate "2019.05.15"]
[EventType "team-tourn"]
[EventCountry "CRO"]
[SourceTitle "playchess.com"]
[Source "ChessBase"]
[SourceQuality "1"]

{[%evp 9,98,12,8,0,0,0,8,11,16,11,13,18,53,32,50,29,31,10,23,26,69,66,55,64,86,92,87,85,77,83,97,78,75,57,50,35,35,32,65,51,70,49,114,9,73,57,67,66,70,56,160,166,166,174,157,131,126,86,197,195,196,200,172,199,189,162,144,45,48,53,59,0,0,0,0,-7,-7,-7,-7,-7,-7,-8,-8,-8,-8,-8,-7,-7,-7,-8,-8]} 1. Nf3 d5 2. c4 e6 3. e3 Nf6 4. d4 a6 5. b3 (5. Nc3 dxc4 6. Bxc4 b5 7. Be2 Bb7 8. O-O Nbd7 9. b3 c5 10. Bb2 Be7 11. Rc1 O-O 12. Qc2 Rc8 13. Qb1 Qb6 14. Rfd1 Rfd8 15. h3 h6 16. dxc5 Nxc5 17. Rxd8+ Rxd8 {0-1 (59) Mamedyarov,S (2817)-Carlsen,M (2835) St Petersburg 2018}) 5... c5 6. Bd3 {D30: Queen's Gambit Declined: Systems without Nc3} cxd4 7. exd4 Nc6 8. Bb2 g6 9. O-O Bg7 10. Ne5 $146 ({Predecessor:} 10. Nbd2 O-O 11. Ne5 Bd7 12. Ndf3 Rc8 {0-1 (47) Hracek,Z (2592)-Ragger,M (2657) Katowice 2017}) 10... Ne7 11. Nd2 O-O 12. c5 Nd7 13. Ndf3 Nb8 14. Bc2 f6 15. Nd3 Nbc6 16. b4 {[%cal Bb3b4,Bb4b5][%mdl 32]} Qc7 {Black wants to play ...e5.} 17. Re1 g5 18. h3 Ng6 19. a4 Bd7 20. b5 Na5 21. c6 bxc6 22. bxa6 Nc4 23. Bc3 g4 24. hxg4 {Hoping for Nc5.} e5 25. Nd2 e4 {[#]} (25... exd4 $14 26. Bxd4 Bxg4) 26. Nc5 (26. Nxc4 $1 $16 exd3 27. Qxd3 (27. Bxd3 dxc4 28. Bxc4+ Kh8 $14) 27... dxc4 28. Qxc4+ Kh8 29. Bb4) 26... Nxd2 (26... Nd6 $1 $11 {keeps the balance.}) 27. Qxd2 Bxg4 28. Rab1 {[%cal Ba1b1,Bb1b6,Bb6c6][%mdl 32] Rb7 is the strong threat.} Bc8 29. Ba5 Qf4 ({Better is} 29... Qd6 $14) 30. Qxf4 $16 Nxf4 {[#]} 31. Rb6 $1 f5 32. Bc3 Rf6 33. a5 Bf8 (33... Rg6 $16 {was worth a try.}) 34. Bd2 $18 Ne6 35. Rxc6 {And now Bb3 would win.} Nxd4 36. Rxf6 Bxc5 37. Ba4 {Strongly threatening Bc6.} Kg7 38. Rc6 (38. Rh6 $16) 38... Nxc6 $14 39. Bxc6 Rxa6 40. Bxd5 (40. Bb5 $1 $14 Ra8 41. Rc1) 40... Rd6 $11 {The position is equal.} 41. Bc3+ Kg6 42. Bc4 Bxf2+ 43. Kxf2 {aiming for Re3.} Rc6 44. Rc1 Rxc4 45. Bd2 $132 {[%mdl 2048] White puts up resistance} Rxc1 46. Bxc1 Kf6 47. Bf4 Ke6 48. Ke3 Kd5 49. g3 Ba6 {Accuracy: White = 46%, Black = 51%.} 1/2-1/2

[Event "CRO Team Cup 2019"]
[Site "Losinj"]
[Date "2019.05.16"]
[Round "2.15"]
[White "Golubovic, Boris"]
[Black "Sokac, Marko"]
[Result "1-0"]
[WhiteElo "2389"]
[BlackElo "2329"]
[Annotator "TA"]
[PlyCount "123"]
[EventDate "2019.05.15"]
[EventType "team-tourn"]
[EventCountry "CRO"]
[SourceTitle "playchess.com"]
[Source "ChessBase"]
[SourceQuality "1"]

{[%evp 9,123,38,41,35,95,87,101,97,100,103,123,131,146,143,157,148,153,128,129,93,91,91,105,91,90,91,91,90,97,90,90,65,119,103,134,134,149,73,88,88,90,88,88,85,88,30,88,85,85,85,89,89,89,91,91,85,85,85,85,85,77,59,225,225,225,225,225,225,369,218,334,285,406,391,437,428,439,424,436,437,383,424,418,398,422,410,385,379,509,530,524,507,522,502,486,482,807,795,762,747,6411,6710,5297,1108,5681,6179,5002,3789,29981,29982,29982,29983,29984,29983,29983,29984]} 1. Nf3 e6 2. c4 g5 (2... d5 3. e3 dxc4 4. Bxc4 a6 5. b3 Nf6 6. Bb2 c5 7. O-O Nc6 8. d4 cxd4 9. Nxd4 Bd7 10. Nd2 Be7 11. N4f3 O-O 12. Rc1 Rc8 13. Ng5 h6 14. Nge4 Nb4 15. a3 Nbd5 16. Qe2 Nxe4 17. Nxe4 Nf6 18. Bd3 {½-½ (28) Laznicka,V (2670)-Harikrishna,P (2730) Prague 2019}) 3. h3 Bg7 4. d4 h6 5. Nc3 d6 6. e4 {A13: English Opening: 1...e6} Nd7 $146 (6... Ne7 $14) ({Predecessor:} 6... Ne7 7. Bd3 Nd7 8. Be3 b6 9. Qe2 Bb7 10. O-O-O {1-0 (39) Edouard,R (2613)-Larino Nieto,D (2464) Caleta 2018}) 7. Be3 b6 8. Qc2 {White is better.} Bb7 9. d5 e5 10. Be2 Ne7 11. O-O-O Ng6 12. g3 Nf6 13. Nh2 Bc8 14. Ng4 h5 15. Nxf6+ Bxf6 16. Rdf1 Bd7 17. Qd1 h4 18. Bg4 a6 19. Qf3 Bxg4 20. Qxg4 b5 (20... Qd7 $14) 21. c5 dxc5 22. Bxc5 Be7 23. Be3 ({White should try} 23. Bxe7 Qxe7 24. Kb1) 23... b4 24. Na4 $1 Qd7 25. Qxd7+ Kxd7 26. g4 Rab8 27. b3 (27. Kb1 $16) 27... Rb5 (27... c6 $11) 28. Kd2 Nf4 29. Rc1 Rd8 30. Bxf4 exf4 31. Rc6 Ra5 32. Rhc1 Bd6 33. f3 Rb8 34. Kc2 Rbb5 35. Kb1 {And now Nb2 would win.} f6 $2 {[#]} (35... Rxa4 $1 $14 36. bxa4 Ra5) 36. Nb2 $1 $18 Rc5 37. Nc4 Rab5 38. Rxa6 Rb7 (38... Be7 $142 39. Ra8 Bd6) 39. Rc2 (39. e5 $142 fxe5 {[#]} 40. Nxe5+ $1 {[%mdl 512]} Ke7 41. Rxc5 Bxc5 42. Re6+ Kd8 43. Nc6+ Kd7 44. Rg6) 39... Rb8 (39... Rbb5 {might work better.} 40. Ra8 Ke7) 40. Nb2 Rxc2 (40... Rb6 $142 41. Ra8 Rxc2 42. Kxc2 Ke7) 41. Kxc2 {[%mdl 4096] Endgame KRB-KRN} Re8 42. Kd3 Rb8 43. Nc4 Rb7 44. Kd4 Rb5 45. Ra5 Rb8 46. Ra7 Ke8 47. e5 fxe5+ 48. Nxe5 Rb5 49. Ra8+ Ke7 50. Nc4 Kf6 51. Ra6 Ke7 52. Ke4 Rc5 (52... Kf6 $142 53. Nxd6 cxd6 54. Rxd6+ Kf7) 53. Ra5 Rxa5 54. Nxa5 {KB-KN} Bc5 55. Kd3 Kd6 56. Kc4 (56. Nb7+ $142 Kxd5 57. Nxc5 {[%mdl 64] Overworked Piece} Kxc5 58. Ke4) 56... Bf2 57. Nc6 Be1 58. Nxb4 Bxb4 59. Kxb4 {White mates.} Kxd5 60. a4 Kc6 61. Kc4 Kb6 62. b4 {Accuracy: White = 75%, Black = 41%.} 1-0